00446nam a2200169Ia 4500003000400000005001700004008004100021020001900062040000700081041000800088082001300096100002100109245006900130260004500199300000900244650002300253OSt20250918124846.0250729s2005 xx 000 0 und d a978-8171699315 cAL aeng a613 MURA aMurthy Krishna J aAdministration and organization of physical education and sports aNew DelhibCommonwealth Publishersc2005 a347p aPhysical Education